|
|
|
|
| LEADER |
00000nam2a2200000 4500 |
| 001 |
55875 |
| 005 |
20231101211554.0 |
| 035 |
|
|
|a (RuTPU)RU\TPU\book\58648
|
| 090 |
|
|
|a 55875
|
| 100 |
|
|
|a 20030923d1986 km y0rusy50 ca
|
| 101 |
0 |
|
|a rus
|
| 102 |
|
|
|a RU
|
| 105 |
|
|
|a a g 000zy
|
| 200 |
0 |
|
|a Кн. 2
|
| 210 |
|
|
|d 1986
|
| 215 |
|
|
|a 553 с.
|c ил.
|
| 461 |
|
1 |
|0 (RuTPU)RU\TPU\book\58640
|t Справочное пособие для работников метрологических служб
|o в 2 кн.
|f Б. Г. Артемьев, С. М. Голубев
|v Кн. 2
|e 2-е изд., перераб. и доп.
|d 1986-
|
| 606 |
|
|
|a Метрология
|2 stltpush
|3 (RuTPU)RU\TPU\subj\43497
|9 62988
|
| 610 |
1 |
|
|a метрологическая служба
|
| 610 |
1 |
|
|a справочники
|
| 610 |
1 |
|
|a нормативно-технические документы
|
| 675 |
|
|
|a 621:53.08(035)
|v 3
|
| 801 |
|
1 |
|a RU
|b 63413507
|c 20030923
|g PSBO
|
| 801 |
|
2 |
|a RU
|b 63413507
|c 20180118
|g PSBO
|
| 942 |
|
|
|c BK
|